00700nam a2200193 i 450000100060000000300090000600500170001500700030003200800410003510000170007624501700009325000490026326000620031230000300037465000240040470000330042870000250046185200200048686997ES-MaACL20230906175553.0t|041217s1930 sp ||||1| spa d1 aKonya, Karl.10aGuía práctica de análisis de orinas para uso de médicos, farmacéuticos y químicos / cpor el Dr. Harl Konya ; traducido por el Dr. Enrique Moles Ormella. a5ª ed. modernizada por el Ldo. F. Piñero. aBarcelona : bManuel Marín, c1930 (fImp. La Neotipia) a422 p. : bil. ; c17 cm. 4aOrina-xAnálisis.1 aMoles, Enrique (d1883-1953)1 aPiñero, Francisco. aES-MaACLjE-310